| 000 | 01170nam a22003970a 4500 | ||
|---|---|---|---|
| 001 | PT18233 | ||
| 003 | AR-LpoUNG | ||
| 005 | 20210131232804.0 | ||
| 008 | 191001s2003||||ag |||||||||||||||||spa d | ||
| 020 |
_a9872059853 _c$6.66 |
||
| 040 |
_aAR-LpoUNG _bspa _cAR-LpoUNG _eaacr |
||
| 041 | _aspa | ||
| 044 | _aag | ||
| 082 | 0 | _aR918.098 2 311atl | |
| 100 | 1 | _aNaumann, Martín | |
| 245 | 1 | 0 | _aAtlas argentino |
| 250 | _a1º edición | ||
| 260 |
_aBuenos Aires : _bCooperación Técnica Argentino-Alemana, _c2003. |
||
| 300 |
_a93 p. : _bgráfs., tbls. |
||
| 520 | _aSe presenta información estadística en forma gráfica. Los mapas ilustran rasgos de importancia a la geografía de la República Argentina. | ||
| 650 | 4 | _aARGENTINA | |
| 650 | 4 | _aCARTOGRAFIA | |
| 650 | 4 | _aDISTRIBUCION GEOGRAFICA | |
| 650 | 4 | _aFAUNA | |
| 650 | 4 | _aFLORA | |
| 650 | 4 | _aGEOGRAFIA | |
| 650 | 4 | _aMAPAS | |
| 650 | 4 | _aMEDIO FISICO | |
| 650 | 4 | _aPAN | |
| 650 | 4 | _aTOPOGRAFIA | |
| 651 | 4 | _aArgentina | |
| 700 | 1 | _aMadariaga, Marta | |
| 710 | 2 | _aPrograma de Acción Nacional de Lucha contra la Desertificación (Buenos Aires) | |
| 905 | _a18233 | ||
| 942 | _cLSALA | ||
| 999 |
_c17503 _d17503 |
||